| 000 | 00645nam a22002411 4500 | ||
|---|---|---|---|
| 001 | sa 67000763 | ||
| 003 | DLC | ||
| 005 | 20260227112317.0 | ||
| 008 | 740123s1966 ii b 00000 eng | ||
| 010 | _asa 67000763 | ||
| 025 | _aPL480:I-E-6001 | ||
| 043 | _aa-ii--- | ||
| 050 | 0 |
_aB131 _b.P28 |
|
| 082 | _a181.4 | ||
| 100 | 1 | 0 | _aPandeya, Ram Chandra. |
| 245 | 1 | 2 | _aA panorama of Indian philosophy. |
| 250 | _a[1st ed.] | ||
| 260 | 0 |
_aDelhi, _bMotilal Banarsidass _c[1966] |
|
| 300 |
_axiv, 223 p. _c22 cm. |
||
| 504 | _a"Books suggested for further reading": p. [219] | ||
| 504 | _a"Texts": p. [220] | ||
| 650 | 0 | _aPhilosophy, Indic. | |
| 999 |
_c72195 _d72195 |
||